| 000 | 00782cam a22002653a 4500 | ||
|---|---|---|---|
| 001 | 3008 | ||
| 003 | PGUSA | ||
| 005 | 20140828083024.0 | ||
| 008 | 020101s2002||||xxu|||||s|||||000 | eng d | ||
| 040 |
_aPGUSA _beng |
||
| 042 | _adc | ||
| 050 | 4 | _aTK | |
| 245 | 1 | 4 |
_aThe Jargon File, Version 4.2.2, 20 Aug 2000 _h[electronic resource] |
| 260 |
_bProject Gutenberg, _c2002 |
||
| 506 | _aPublic domain in the USA. | ||
| 516 | _aElectronic text | ||
| 653 | _aComputers -- Slang -- Dictionaries | ||
| 653 | _aElectronic data processing -- Terminology -- Humor | ||
| 653 | _aComputers -- Humor | ||
| 700 | 1 |
_aSteele, Guy L., _d1954- |
|
| 700 | 1 |
_aRaymond, Eric S., _d1957- |
|
| 830 | 0 |
_aProject Gutenberg _v3008 |
|
| 856 | 4 | 0 | _uhttp://www.gutenberg.org/ebooks/3008 |
| 942 | _cEB | ||
| 999 |
_c232338 _d232338 |
||